The British Cabinet /

Bibliographic Details
Main Author: Mackintosh, John Pitcairn, 1929-
Format: Book
Language:English
Published: London : Stevens, 1977.
Edition:3rd ed.
Subjects:

MARC

Tag First Indicator Second Indicator Subfields
LEADER 00000cam a2200000 a 4500
001 in00000084715
005 20151008053212.0
008 770509s1977 enk b 00110 engm
010 |a  77360348  
015 |a GB*** 
020 |a 0420446702 :  |c 95.75 
020 |a 042044680X (pbk.) 
035 |a (OCoLC)03002967 
035 |9 AAH6636AM 
040 |a DLC  |c DLC  |d m.c.  |d TXA  |d UtOrBLW 
043 |a e-uk--- 
049 |a TXAM  |c [933083] 
050 0 0 |a JN401  |b  M3 1977 
082 0 |a 354/.41/05 
100 1 |a Mackintosh, John Pitcairn,  |d 1929- 
245 1 4 |a The British Cabinet /  |c by John P. Mackintosh. 
250 |a 3rd ed. 
264 1 |a London :  |b Stevens,  |c 1977. 
300 |a xv, 656 pages ;  |c 22 cm. 
336 |a text  |b txt  |2 rdacontent 
337 |a unmediated  |b n  |2 rdamedia 
338 |a volume  |b nc  |2 rdacarrier 
504 |a Includes bibliographical references and index. 
650 0 |a Cabinet system  |z Great Britain. 
651 0 |a Great Britain  |x Politics and government. 
999 |a MARS 
999 f f |s 089c2894-806a-3854-8be2-7bd08a183585  |i 252203de-9ca8-3cbf-b9b5-3b94fb0e1ad7  |t 0 
952 f f |p ric  |a Texas A&M University  |b Rellis Campus  |c Joint Library Facility  |d Remote Storage  |t 0  |e JN401 M3 1977  |h Library of Congress classification  |i unmediated -- volume  |m A14805956384 
998 f f |a JN401 M3 1977  |t 0  |l Remote Storage